[Event "V Weekend Vittorio Alfieri A"]
[Site "Asti ITA"]
[Date "2010.04.17"]
[Round "3"]
[White "Giudici, Alberto"]
[Black "Finocchiaro, Gianluca"]
[Result "1/2-1/2"]
[WhiteElo "1988"]
[BlackElo "2097"]
[PlyCount "89"]
[EventDate "2010.04.16"]

1. d4 Nf6 2. Nf3 e6 3. Bf4 b6 4. e3 Bb7 5. Nbd2 Be7 6. c3 O-O 7. Bd3 d5 8. Ne5
Nbd7 9. Qf3 c5 10. h4 cxd4 11. exd4 Nxe5 12. dxe5 Nd7 13. Qg3 Nc5 14. Bc2 f5
15. O-O-O Ne4 16. Nxe4 fxe4 17. Bxe4 Qe8 18. Bc2 Qh5 19. Be3 Rac8 20. Kb1 Rc4
21. Rd4 Rxd4 22. Bxd4 Bc8 23. Qd3 Rf4 24. g3 Rf3 25. Qb5 Rf8 26. f4 Qf3 27. Rg1
Qh5 28. f5 exf5 29. Qxd5+ Qf7 30. Qc6 Be6 31. Qxe6 Qxe6 32. Bb3 Qxb3 33. axb3
f4 34. gxf4 Rxf4 35. h5 Re4 36. Kc2 Re2+ 37. Kd3 Rh2 38. e6 Rxh5 39. Rxg7+ Kf8
40. Rf7+ Ke8 41. Kc4 b5+ 42. Kd3 a5 43. Rg7 Kf8 44. Rf7+ Ke8 45. Rg7 1/2-1/2

[Event "V Weekend Vittorio Alfieri A"]
[Site "Asti ITA"]
[Date "2010.04.17"]
[Round "3"]
[White "Grattarola, Fabio"]
[Black "Roversi, Stefano"]
[Result "1-0"]
[WhiteElo "2071"]
[BlackElo "1806"]
[PlyCount "105"]
[EventDate "2010.04.16"]

1. d4 Nf6 2. Nf3 d5 3. Bf4 e6 4. e3 c5 5. Nbd2 Nc6 6. c3 c4 7. Be2 Be7 8. Ne5
O-O 9. O-O Nxe5 10. Bxe5 Nd7 11. Bg3 b5 12. e4 b4 13. exd5 exd5 14. Bf3 Nb6 15.
Re1 bxc3 16. bxc3 Bf5 17. Nf1 Ba3 18. Re5 Bg6 19. Qd2 Bd6 20. Re3 Bxg3 21. hxg3
Qg5 22. Rae1 Bh5 23. Qd1 Bxf3 24. Qxf3 Qg6 25. Qe2 Na4 26. Nh2 Rab8 27. Qf3 Rb1
28. Qxd5 Rxe1+ 29. Rxe1 Qd3 30. Re3 Nxc3 31. Qf3 Qd1+ 32. Qxd1 Nxd1 33. Re1 Nb2
34. Rc1 Rc8 35. Rc2 c3 36. Kf1 Na4 37. Ke2 Rb8 38. Kd3 Rc8 39. Nf1 Nb2+ 40. Ke2
Re8+ 41. Ne3 Na4 42. Kd3 Rc8 43. Nd1 f6 44. Nxc3 Nxc3 45. Rxc3 Rb8 46. Rb3 Ra8
47. Rb7 a5 48. d5 Rd8 49. Kd4 Rc8 50. d6 Kf8 51. Rc7 Rd8 52. Kd5 Re8 53. d7 1-0

[Event "V Weekend Vittorio Alfieri A"]
[Site "Asti ITA"]
[Date "2010.04.17"]
[Round "3"]
[White "Massironi, Marco"]
[Black "Vuelban, Virgilio"]
[Result "0-1"]
[WhiteElo "2148"]
[BlackElo "2346"]
[PlyCount "66"]
[EventDate "2010.04.16"]

1. e4 e6 2. d4 d5 3. Nc3 Nf6 4. e5 Nfd7 5. f4 c5 6. Nf3 Nc6 7. Be3 Qb6 8. Na4
Qa5+ 9. c3 cxd4 10. b4 Nxb4 11. cxb4 Bxb4+ 12. Bd2 Bxd2+ 13. Nxd2 O-O 14. Bd3
b5 15. Nb2 Nb6 16. O-O Nc4 17. Bxh7+ Kxh7 18. Qh5+ Kg8 19. Nf3 f6 20. Nd3 Bd7
21. exf6 Be8 22. Qg5 Rxf6 23. Nfe5 Qd8 24. Qg3 Rc8 25. Qf2 Ne3 26. Rfc1 Rc4 27.
h4 Bg6 28. Nxc4 dxc4 29. Ne5 Qd5 30. g3 Bf5 31. Re1 Nc2 32. Rad1 d3 33. Qxa7
Nxe1 0-1

[Event "V Weekend Vittorio Alfieri A"]
[Site "Asti ITA"]
[Date "2010.04.17"]
[Round "3"]
[White "Monticone, Sonia"]
[Black "Lucchese, Paolo"]
[Result "1-0"]
[WhiteElo "1817"]
[BlackElo "2024"]
[PlyCount "87"]
[EventDate "2010.04.16"]

1. c4 Nf6 2. Nc3 e6 3. d4 Bb4 4. Bg5 h6 5. Bd2 O-O 6. Nf3 b6 7. e3 Bb7 8. Bd3
d5 9. cxd5 exd5 10. O-O Nbd7 11. Rc1 a6 12. Bb1 Re8 13. Qc2 Bd6 14. h3 Ne4 15.
a3 Rc8 16. b4 Nf8 17. Ba2 c6 18. Be1 Ng6 19. Nd2 Nxc3 20. Qxc3 Qe7 21. Qd3 Bb8
22. Bb1 Nf8 23. Nf3 g6 24. Bc3 Nd7 25. Bb2 Qf6 26. Qd2 Qe7 27. Rfe1 Nf6 28. e4
Qf8 29. e5 Ne4 30. Qe3 Kh7 31. Nd2 Nxd2 32. Qxd2 Qg7 33. Re3 c5 34. dxc5 Bxe5
35. Rxe5 Rxe5 36. f4 f6 37. fxe5 fxe5 38. Re1 d4 39. Qe2 bxc5 40. Qxe5 Qxe5 41.
Rxe5 c4 42. Re7+ Kg8 43. Bxg6 c3 44. Bc1 1-0

[Event "V Weekend Vittorio Alfieri A"]
[Site "Asti ITA"]
[Date "2010.04.17"]
[Round "3"]
[White "Mrdja, Milan"]
[Black "Quirico, Paolo"]
[Result "1/2-1/2"]
[WhiteElo "2376"]
[BlackElo "2167"]
[PlyCount "71"]
[EventDate "2010.04.16"]

1. e4 e6 2. d4 d5 3. Nc3 Bb4 4. a3 Bxc3+ 5. bxc3 dxe4 6. Qg4 Nf6 7. Qxg7 Rg8 8.
Qh6 b6 9. Bg5 Nbd7 10. Bb5 Rg6 11. Qh4 Bb7 12. Ne2 h6 13. Be3 Ng4 14. Qh3 Nxe3
15. fxe3 Qe7 16. Nf4 Rg5 17. Bxd7+ Kxd7 18. a4 a5 19. O-O Rag8 20. Rf2 h5 21.
c4 c6 22. Raf1 f5 23. d5 cxd5 24. cxd5 Bxd5 25. Nxd5 exd5 26. Rxf5 Rxg2+ 27.
Kh1 Kc6 28. Rxh5 R2g6 29. Qf5 Qe6 30. Qf4 Qg4 31. Qxg4 Rxg4 32. Rd1 Rg2 33.
Rhxd5 Rxc2 34. Rd6+ Kc7 35. Rd7+ Kc8 36. R7d4 1/2-1/2

[Event "V Weekend Vittorio Alfieri A"]
[Site "Asti ITA"]
[Date "2010.04.17"]
[Round "3"]
[White "Porzio, Massimo"]
[Black "Crepaldi, Marco"]
[Result "1/2-1/2"]
[WhiteElo "1847"]
[BlackElo "1874"]
[PlyCount "32"]
[EventDate "2010.04.16"]

1. e4 c5 2. Nf3 d6 3. d4 cxd4 4. Nxd4 Nf6 5. Nc3 a6 6. Bg5 e6 7. f4 Qc7 8. Bxf6
gxf6 9. Qd2 Nd7 10. O-O-O Nb6 11. Kb1 Bd7 12. Be2 Rc8 13. f5 e5 14. Nb3 Bc6 15.
Na5 Bd7 16. Nb3 Bc6 1/2-1/2

[Event "V Weekend Vittorio Alfieri A"]
[Site "Asti ITA"]
[Date "2010.04.17"]
[Round "4"]
[White "Almonti, Alessandro"]
[Black "Fossati, Remigio"]
[Result "1/2-1/2"]
[WhiteElo "2038"]
[BlackElo "2201"]
[PlyCount "59"]
[EventDate "2010.04.16"]

1. Nf3 Nf6 2. g3 g6 3. Bg2 Bg7 4. O-O O-O 5. d3 d5 6. Nbd2 c5 7. e4 Nc6 8. c3
e6 9. Re1 Rb8 10. Qe2 b6 11. Nf1 Ba6 12. e5 Nd7 13. Bf4 b5 14. d4 Qa5 15. Qd2
b4 16. Rec1 bxc3 17. bxc3 Rfc8 18. Bh6 cxd4 19. cxd4 Qxd2 20. Bxd2 Nb6 21. Rab1
Bd3 22. Rb3 Be4 23. Be3 Nc4 24. N1d2 Nxd2 25. Nxd2 Bxg2 26. Kxg2 Rxb3 27. Nxb3
Ne7 28. Rxc8+ Nxc8 29. Kf3 Kf8 30. Bd2 1/2-1/2

[Event "V Weekend Vittorio Alfieri A"]
[Site "Asti ITA"]
[Date "2010.04.17"]
[Round "4"]
[White "Crepaldi, Marco"]
[Black "Carfagna, Alex"]
[Result "1/2-1/2"]
[WhiteElo "1874"]
[BlackElo "1783"]
[PlyCount "53"]
[EventDate "2010.04.16"]

1. e4 e5 2. Nf3 Nc6 3. Bb5 a6 4. Ba4 Nf6 5. O-O Be7 6. Re1 b5 7. Bb3 d6 8. h3
O-O 9. c3 Na5 10. d4 Nxb3 11. axb3 exd4 12. Qxd4 Bb7 13. Bf4 Nd7 14. Qd3 Bf6
15. Nbd2 Ne5 16. Qc2 Re8 17. Bxe5 Bxe5 18. Nxe5 dxe5 19. Rad1 Qe7 20. Nf1 Rad8
21. Ne3 Rxd1 22. Rxd1 Rd8 23. f3 Rxd1+ 24. Qxd1 g6 25. Kf2 Qd6 26. Qxd6 cxd6
27. g4 1/2-1/2

[Event "V Weekend Vittorio Alfieri A"]
[Site "Asti ITA"]
[Date "2010.04.17"]
[Round "4"]
[White "De Francisci, Luigi"]
[Black "Gastaldello, Lorenzo"]
[Result "1-0"]
[WhiteElo "1914"]
[BlackElo "1857"]
[PlyCount "71"]
[EventDate "2010.04.16"]

1. d4 d5 2. e4 c6 3. Nc3 dxe4 4. f3 e3 5. Bxe3 Bf5 6. g4 Bg6 7. h4 h6 8. h5 Bh7
9. f4 Nf6 10. Bc4 e6 11. g5 Nd5 12. Nxd5 cxd5 13. Bd3 Bxd3 14. Qxd3 hxg5 15.
fxg5 Nc6 16. c3 Qc7 17. Ne2 O-O-O 18. O-O-O Kb8 19. g6 Nb4 20. Qb1 Qc4 21. Kd2
Nc6 22. gxf7 e5 23. b3 Qa6 24. Rdf1 Be7 25. h6 Bf6 26. hxg7 Bxg7 27. Rxh8 Rxh8
28. dxe5 Nxe5 29. Bf4 Bh6 30. Qf5 Qxa2+ 31. Ke1 Bxf4 32. Qxf4 Rf8 33. Qxe5+ Kc8
34. Qe8+ Kc7 35. Qe7+ Kb6 36. Rf6+ 1-0

[Event "V Weekend Vittorio Alfieri A"]
[Site "Asti ITA"]
[Date "2010.04.17"]
[Round "4"]
[White "Di Chiara, Mauro"]
[Black "Grattarola, Fabio"]
[Result "1/2-1/2"]
[WhiteElo "1868"]
[BlackElo "2071"]
[PlyCount "83"]
[EventDate "2010.04.16"]

1. d4 d5 2. Nf3 Nf6 3. c4 c6 4. Nc3 e6 5. cxd5 exd5 6. Bg5 Be7 7. Qc2 O-O 8. e3
h6 9. Bh4 b6 10. Bd3 a5 11. Ne5 Nfd7 12. Bxe7 Qxe7 13. Nf3 Ba6 14. O-O Bxd3 15.
Qxd3 Na6 16. Rac1 Rfe8 17. Rfe1 Nf6 18. Nd2 b5 19. Ne2 Qb7 20. Nb3 Nd7 21. a3
Qb6 22. Qc3 Nab8 23. Nc5 Nxc5 24. Qxc5 Ra6 25. Qxb6 Rxb6 26. Nf4 Kf8 27. Nd3 f6
28. Nc5 Re7 29. Rc2 Na6 30. Rec1 Nxc5 31. Rxc5 Re6 32. Kf1 Ke7 33. Ke2 Kd7 34.
Kd3 Re8 35. b3 f5 36. g3 Re6 37. R5c2 Rb8 38. h4 Rf8 39. h5 Ra8 40. Rg1 a4 41.
b4 Rf8 42. Ke2 1/2-1/2

[Event "V Weekend Vittorio Alfieri A"]
[Site "Asti ITA"]
[Date "2010.04.17"]
[Round "4"]
[White "Finocchiaro, Gianluca"]
[Black "Porzio, Massimo"]
[Result "0-1"]
[WhiteElo "2097"]
[BlackElo "1847"]
[PlyCount "112"]
[EventDate "2010.04.16"]

1. e4 c5 2. c3 d5 3. exd5 Qxd5 4. d4 Nf6 5. Nf3 cxd4 6. cxd4 Qa5+ 7. Nc3 Ne4 8.
Qd3 Bf5 9. Qb5+ Qxb5 10. Bxb5+ Nd7 11. Nxe4 Bxe4 12. Ne5 Bf5 13. g4 a6 14. Ba4
f6 15. gxf5 fxe5 16. Bxd7+ Kxd7 17. dxe5 g6 18. fxg6 hxg6 19. Be3 e6 20. Ke2
Rc8 21. Rad1+ Ke8 22. Rc1 Rd8 23. Rhg1 Rg8 24. Rc7 Rd7 25. Rxd7 Kxd7 26. Rd1+
Kc7 27. Rc1+ Kd7 28. Bb6 Rg7 29. f4 Rf7 30. Rc7+ Ke8 31. Kf3 Rxc7 32. Bxc7 Kd7
33. Ba5 Bc5 34. Kg4 Ke8 35. Kf3 Kd7 36. h3 b5 37. Bd2 Be7 38. Ke4 Kc6 39. Kf3
Kd5 40. Kg4 Ke4 41. a3 Bd8 42. Bb4 a5 43. Bf8 a4 44. Bg7 Be7 45. Bf6 Bxa3 46.
bxa3 b4 47. Kg5 b3 48. Kxg6 b2 49. h4 b1=Q 50. h5 Kxf4+ 51. Kg7 Kf5 52. h6 Qb7+
53. Kg8 Kg6 54. Bg7 Qc8+ 55. Bf8 Qd7 56. Bg7 Qe8+ 0-1

[Event "V Weekend Vittorio Alfieri A"]
[Site "Asti ITA"]
[Date "2010.04.17"]
[Round "4"]
[White "Giudici, Alberto"]
[Black "Massironi, Marco"]
[Result "0-1"]
[WhiteElo "1988"]
[BlackElo "2148"]
[PlyCount "56"]
[EventDate "2010.04.16"]

1. d4 Nf6 2. Nf3 b6 3. Bf4 Ba6 4. c3 e6 5. Nbd2 Be7 6. Qa4 O-O 7. h3 Qc8 8. g4
c5 9. Bg2 d5 10. Ne5 cxd4 11. cxd4 Qb7 12. b4 b5 13. Qb3 Rc8 14. O-O Nc6 15.
Nxc6 Qxc6 16. Rac1 Qxc1 17. Rxc1 Rxc1+ 18. Bf1 Rac8 19. Qa3 R8c6 20. Ne4 Rxf1+
21. Kxf1 dxe4 22. Bb8 Nd5 23. Bxa7 Bxb4 24. Qg3 Bd6 25. f4 Bxf4 26. Qh4 Rc1+
27. Kf2 g5 28. Qh6 Ne3 0-1

[Event "V Weekend Vittorio Alfieri A"]
[Site "Asti ITA"]
[Date "2010.04.17"]
[Round "4"]
[White "Lucchese, Paolo"]
[Black "Bannon, Senan M.W."]
[Result "0-1"]
[WhiteElo "2024"]
[BlackElo "1869"]
[PlyCount "88"]
[EventDate "2010.04.16"]

1. e4 d5 2. d4 Nc6 3. Nc3 e5 4. exd5 Nxd4 5. Be3 Nf5 6. Bb5+ Bd7 7. Bxd7+ Qxd7
8. Qd3 Bb4 9. Nge2 Nf6 10. O-O-O a6 11. h3 O-O-O 12. Bg5 Be7 13. g4 Nd6 14. Qe3
Kb8 15. Qxe5 Rhe8 16. Qd4 h6 17. Be3 Nc8 18. Bf4 b6 19. Qc4 Kb7 20. Nd4 b5 21.
Qc6+ Qxc6 22. Nxc6 Rd7 23. Ne5 Bd6 24. Nd3 Nb6 25. Bxd6 Rxd6 26. Nc5+ Ka7 27.
Rhe1 Rxe1 28. Rxe1 Nfxd5 29. Nxd5 Nxd5 30. Nd3 Rf6 31. Re4 g5 32. Re5 Nf4 33.
Nxf4 Rxf4 34. Rf5 Rxf5 35. gxf5 Kb6 36. Kd2 Kc6 37. Ke3 Kd5 38. Kf3 h5 39. Ke3
Ke5 40. f4+ gxf4+ 41. Kf3 Kxf5 42. b4 Ke5 43. h4 f6 44. c3 Kf5 0-1

[Event "V Weekend Vittorio Alfieri A"]
[Site "Asti ITA"]
[Date "2010.04.17"]
[Round "4"]
[White "Manni, Stefano"]
[Black "Damia, Angelo"]
[Result "0-1"]
[WhiteElo "1961"]
[BlackElo "2284"]
[PlyCount "62"]
[EventDate "2010.04.16"]

1. d4 b6 2. e4 Bb7 3. Bd3 e6 4. Nf3 c5 5. c3 Nf6 6. Qe2 Nc6 7. a3 Qc7 8. Bg5
Be7 9. d5 exd5 10. Bxf6 Bxf6 11. exd5+ Ne5 12. Nxe5 Qxe5 13. Qxe5+ Bxe5 14. O-O
O-O-O 15. Bc4 Rhe8 16. Nd2 Bf4 17. Nf3 Kc7 18. Rfe1 Kd6 19. Bb3 g6 20. a4 a5
21. c4 Ba6 22. Kf1 Bh6 23. Rxe8 Rxe8 24. Re1 Rxe1+ 25. Kxe1 Bc1 26. Ke2 h6 27.
Kd3 Bxb2 28. Ke4 Bc8 29. g4 Ke7 30. Nh4 d6 31. f4 Bxg4 0-1

[Event "V Weekend Vittorio Alfieri A"]
[Site "Asti ITA"]
[Date "2010.04.17"]
[Round "4"]
[White "Omeri, Silvan"]
[Black "Barbero, Marco"]
[Result "1-0"]
[WhiteElo "2227"]
[BlackElo "1717"]
[PlyCount "61"]
[EventDate "2010.04.16"]

1. e4 e5 2. Nf3 Nc6 3. Bb5 Nf6 4. d3 Bc5 5. O-O d6 6. Bg5 h6 7. Be3 Bb6 8. a4
O-O 9. Qd2 Ng4 10. a5 Bxe3 11. fxe3 Ne7 12. Nc3 c6 13. Bc4 Be6 14. Bxe6 fxe6
15. Ne2 Ng6 16. h3 Nf6 17. Ng3 Nh7 18. Kh2 Ng5 19. Nxg5 Qxg5 20. Qb4 Qe7 21. c3
Rxf1 22. Rxf1 Rf8 23. Rxf8+ Qxf8 24. Qxb7 Nh4 25. Qd7 Kh7 26. Nh5 Kh8 27. Qxa7
Ng6 28. Qxg7+ Qxg7 29. Nxg7 Nf8 30. a6 Nd7 31. Nxe6 1-0

[Event "V Weekend Vittorio Alfieri A"]
[Site "Asti ITA"]
[Date "2010.04.17"]
[Round "4"]
[White "Piantadosi, Angelo"]
[Black "Bisi, Samuele"]
[Result "1-0"]
[WhiteElo "1966"]
[BlackElo "1786"]
[PlyCount "51"]
[EventDate "2010.04.16"]

1. Nf3 Nf6 2. g3 d5 3. Bg2 e6 4. O-O c5 5. d4 Nc6 6. c4 cxd4 7. Nxd4 Bc5 8.
Nxc6 bxc6 9. Nc3 O-O 10. cxd5 cxd5 11. e4 dxe4 12. Nxe4 Nxe4 13. Bxe4 Rb8 14.
Qh5 g6 15. Qxc5 Bb7 16. Bxb7 Rxb7 17. Bh6 Re8 18. Rad1 Qf6 19. Qc6 Reb8 20. Qc3
Qxc3 21. bxc3 Rc8 22. Rd3 f5 23. Rfd1 Rcc7 24. Bf4 Re7 25. Rd8+ Kf7 26. Be5 1-0

[Event "V Weekend Vittorio Alfieri A"]
[Site "Asti ITA"]
[Date "2010.04.17"]
[Round "4"]
[White "Quirico, Paolo"]
[Black "Naumkin, Igor"]
[Result "0-1"]
[WhiteElo "2167"]
[BlackElo "2496"]
[PlyCount "56"]
[EventDate "2010.04.16"]

1. Nf3 e6 2. g3 d5 3. Bg2 c5 4. d3 Nc6 5. O-O Bd6 6. e4 Nge7 7. Nc3 d4 8. Ne2
e5 9. Ne1 O-O 10. f4 f5 11. exf5 Nxf5 12. Nf3 exf4 13. Nxf4 Ne3 14. Bxe3 dxe3
15. Ne2 Bg4 16. c3 Kh8 17. Qa4 Qd7 18. Rae1 Rae8 19. Qc4 Be6 20. Qa4 Bg4 21. a3
Rf6 22. Qb3 Ref8 23. Ng5 Bxe2 24. Rxe2 Rxf1+ 25. Bxf1 Qf5 26. Bg2 Qxg5 27. Qxb7
Ne5 28. Qxa7 Qh5 0-1

[Event "V Weekend Vittorio Alfieri A"]
[Site "Asti ITA"]
[Date "2010.04.17"]
[Round "4"]
[White "Ronzano, Luca"]
[Black "Monticone, Sonia"]
[Result "1/2-1/2"]
[WhiteElo "1995"]
[BlackElo "1817"]
[PlyCount "43"]
[EventDate "2010.04.16"]

1. e4 c5 2. b3 e6 3. Bb2 Nf6 4. e5 Nd5 5. Nf3 Nc6 6. Bc4 Nb6 7. Bb5 d5 8. exd6
Qxd6 9. Bxc6+ Qxc6 10. O-O f6 11. Nc3 Be7 12. Nh4 O-O 13. f4 Nd5 14. Qe1 Bd6
15. Nxd5 Qxd5 16. Rd1 Bd7 17. Qe2 Rae8 18. c4 Qc6 19. Kh1 Qc7 20. Qg4 Bc6 21.
Rde1 Qf7 22. Re2 1/2-1/2

[Event "V Weekend Vittorio Alfieri A"]
[Site "Asti ITA"]
[Date "2010.04.17"]
[Round "4"]
[White "Roversi, Stefano"]
[Black "Forno, Roberto"]
[Result "0-1"]
[WhiteElo "1806"]
[BlackElo "1923"]
[PlyCount "47"]
[EventDate "2010.04.16"]

1. e4 g6 2. d4 Bg7 3. Nf3 d6 4. Bd3 Nc6 5. Be3 Bg4 6. c3 e5 7. d5 Nce7 8. Nbd2
f5 9. Qa4+ c6 10. exf5 gxf5 11. dxc6 bxc6 12. h3 Bxf3 13. Nxf3 Qd7 14. Bc2 Nf6
15. Bg5 O-O 16. Rd1 Ng6 17. Bb3+ Kh8 18. Bxf6 Bxf6 19. h4 e4 20. Ng5 Rae8 21.
h5 Ne5 22. Nh3 Nd3+ 23. Kf1 Nxb2 24. Qa3 0-1

[Event "V Weekend Vittorio Alfieri A"]
[Site "Asti ITA"]
[Date "2010.04.17"]
[Round "4"]
[White "Salvador, Roland"]
[Black "Vuelban, Virgilio"]
[Result "1/2-1/2"]
[WhiteElo "2483"]
[BlackElo "2346"]
[PlyCount "35"]
[EventDate "2010.04.16"]

1. c4 g6 2. Nf3 Bg7 3. g3 c5 4. Bg2 Nc6 5. O-O Nh6 6. Nc3 Nf5 7. d3 d6 8. a3
O-O 9. Rb1 Rb8 10. Bd2 b6 11. b4 Bb7 12. e3 Ne5 13. Qe2 Nxf3+ 14. Bxf3 Bxf3 15.
Qxf3 Qd7 16. Rfd1 Qb7 17. Qxb7 Rxb7 18. Kg2 1/2-1/2

[Event "V Weekend Vittorio Alfieri A"]
[Site "Asti ITA"]
[Date "2010.04.17"]
[Round "4"]
[White "Venturino, Federico"]
[Black "Battistelli, Alessandro"]
[Result "1-0"]
[WhiteElo "1884"]
[BlackElo "1930"]
[PlyCount "87"]
[EventDate "2010.04.16"]

1. d4 Nf6 2. Nf3 e6 3. c4 b6 4. Nc3 Bb4 5. Bg5 h6 6. Bxf6 Qxf6 7. e3 c5 8. Rc1
cxd4 9. Qxd4 Qxd4 10. exd4 Bb7 11. Be2 O-O 12. O-O d5 13. cxd5 exd5 14. Nb5 Nc6
15. a3 Be7 16. Nc3 Rfd8 17. Bb5 Na5 18. Rfe1 Bf6 19. Ne5 a6 20. Bf1 Rac8 21.
Na4 Nb3 22. Rxc8 Rxc8 23. Nxb6 Rc2 24. Na4 Rd2 25. Nf3 Rxd4 26. Nxd4 Bxd4 27.
Re8+ Kh7 28. Re7 Bc6 29. Nc3 Bf6 30. Rc7 Na5 31. Rxf7 d4 32. Nb1 Kg6 33. Ra7
Nb3 34. Bd3+ Kg5 35. Rxa6 Be8 36. g3 Nc1 37. Ra5+ Kg4 38. Be4 g5 39. Kg2 Kh5
40. Ra6 Bg7 41. Re6 Bf7 42. Re7 Bg6 43. g4+ Kxg4 44. Bxg6 1-0

[Event "V Weekend Vittorio Alfieri A"]
[Site "Asti ITA"]
[Date "2010.04.17"]
[Round "4"]
[White "Venturino, Marco"]
[Black "Mrdja, Milan"]
[Result "0-1"]
[WhiteElo "2139"]
[BlackElo "2376"]
[PlyCount "75"]
[EventDate "2010.04.16"]

1. d4 Nf6 2. c4 g6 3. g3 Bg7 4. Bg2 O-O 5. Nc3 d6 6. Nf3 Nc6 7. O-O a6 8. Qd3
Nd7 9. e4 Rb8 10. Be3 b5 11. cxb5 axb5 12. Rfc1 Nb4 13. Qd2 c5 14. Bh6 Nc6 15.
Bxg7 Kxg7 16. Nd5 e6 17. Ne3 Qe7 18. e5 Nxd4 19. Nxd4 cxd4 20. Qxd4 dxe5 21.
Qa7 Rb6 22. Rd1 Ra6 23. Qc7 Qd8 24. Qxd8 Rxd8 25. Rac1 Rxa2 26. Bc6 Ra4 27.
Bxb5 Rd4 28. Rxc8 Rxc8 29. Bxd7 Rc7 30. Bb5 Rb7 31. Bc6 Rxb2 32. Ra1 Rb6 33.
Rc1 g5 34. Rc5 Kf6 35. Nc4 Rb1+ 36. Kg2 Rc1 37. Bb5 Rd5 38. Ne3 {...} 0-1

[Event "V Weekend Vittorio Alfieri A"]
[Site "Asti ITA"]
[Date "2010.04.18"]
[Round "5"]
[White "Barbero, Marco"]
[Black "Ronzano, Luca"]
[Result "0-1"]
[WhiteElo "1717"]
[BlackElo "1995"]
[PlyCount "48"]
[EventDate "2010.04.16"]

1. e4 d5 2. exd5 Nf6 3. Nf3 Bg4 4. Bb5+ Nbd7 5. h3 Bf5 6. Nc3 a6 7. Be2 Nb6 8.
g4 Bg6 9. d4 Nbxd5 10. Nxd5 Qxd5 11. c4 Qe4 12. Qa4+ Nd7 13. Be3 e6 14. Rg1 Be7
15. Ne5 b5 16. cxb5 Nxe5 17. bxa6+ c6 18. Qb3 Nf3+ 19. Bxf3 Qxf3 20. Qb7 O-O
21. Qxe7 Bd3 22. Kd2 Qe2+ 23. Kc3 Qc2+ 24. Kb4 Qc4+ 0-1

[Event "V Weekend Vittorio Alfieri A"]
[Site "Asti ITA"]
[Date "2010.04.18"]
[Round "5"]
[White "Bisi, Samuele"]
[Black "Venturino, Federico"]
[Result "1-0"]
[WhiteElo "1786"]
[BlackElo "1884"]
[PlyCount "107"]
[EventDate "2010.04.16"]

1. d4 d5 2. Nf3 Nf6 3. c4 e6 4. Nc3 Be7 5. Bg5 O-O 6. e3 Nbd7 7. Rc1 a6 8. cxd5
exd5 9. Bd3 c6 10. O-O Re8 11. Bf4 Nf8 12. h3 Bd6 13. Bxd6 Qxd6 14. a3 Ne4 15.
Qc2 f5 16. Ne5 Ng6 17. f4 Nxe5 18. fxe5 Qh6 19. Rce1 Be6 20. Bxe4 fxe4 21. Na4
Rf8 22. Qe2 Qg5 23. Kh2 Qe7 24. Rxf8+ Rxf8 25. Rf1 Rxf1 26. Qxf1 Bc8 27. Qe1
Qg5 28. Qg3 Qe7 29. b4 Be6 30. Nc5 b6 31. Na4 Qc7 32. Qf2 Bd7 33. Qc2 Be6 34.
Kg1 Bd7 35. Nc3 Qc8 36. Ne2 Bf5 37. a4 Bd7 38. Nf4 Bf5 39. g4 Be6 40. Kh2 Qd7
41. a5 b5 42. Qc5 Kf7 43. Qb6 g5 44. Nh5 Bxg4 45. Nf6 Qf5 46. Qc7+ Kf8 47. Qd8+
Kf7 48. Qe8+ Kg7 49. Qg8+ Kh6 50. Nxg4+ Kh5 51. Nf6+ Kh6 52. Ng4+ Kh5 53. e6 h6
54. Qf7+ 1-0

[Event "V Weekend Vittorio Alfieri A"]
[Site "Asti ITA"]
[Date "2010.04.18"]
[Round "5"]
[White "Carfagna, Alex"]
[Black "Astengo, Marcello"]
[Result "0-1"]
[WhiteElo "1783"]
[BlackElo "2104"]
[PlyCount "81"]
[EventDate "2010.04.16"]

1. e4 e6 2. d4 d5 3. e5 c5 4. c3 Nc6 5. Nf3 Bd7 6. Be2 Rc8 7. a3 Nge7 8. b4
cxd4 9. cxd4 Nf5 10. Bb2 Nh4 11. Nxh4 Qxh4 12. O-O Qd8 13. Nd2 Be7 14. Nf3 O-O
15. Bd3 Qb6 16. Qb1 h6 17. Rd1 Rc7 18. Bc1 Rfc8 19. Be3 a6 20. Qb2 Na5 21. Rdc1
Nc4 22. Bxc4 Rxc4 23. Nd2 Rxc1+ 24. Rxc1 Rxc1+ 25. Qxc1 a5 26. bxa5 Qxa5 27.
Nb1 Bb5 28. h3 Bc4 29. Bd2 Qa4 30. Qb2 Bd3 31. Kh2 Bxb1 32. Qxb1 Qxd4 33. Qxb7
Bxa3 34. Qb8+ Kh7 35. Be3 Qe4 36. Qa7 Bb2 37. Qxf7 Bxe5+ 38. g3 d4 39. Bd2 Qe2
40. Bb4 d3 41. Qd7 0-1

[Event "V Weekend Vittorio Alfieri A"]
[Site "Asti ITA"]
[Date "2010.04.18"]
[Round "5"]
[White "Crepaldi, Marco"]
[Black "Piantadosi, Angelo"]
[Result "1/2-1/2"]
[WhiteElo "1874"]
[BlackElo "1966"]
[PlyCount "59"]
[EventDate "2010.04.16"]

1. e4 e6 2. d4 d5 3. Nc3 dxe4 4. Nxe4 Nd7 5. Bd3 Ngf6 6. f3 Be7 7. Ne2 b6 8.
Bd2 Bb7 9. c4 c5 10. Nxf6+ Bxf6 11. Bc3 cxd4 12. Nxd4 Nc5 13. Bc2 O-O 14. O-O
a6 15. Qd2 Qc7 16. Qe2 Rfd8 17. Rad1 Qf4 18. b4 Bxd4+ 19. Bxd4 Rxd4 20. bxc5
bxc5 21. g3 Qd6 22. Rxd4 cxd4 23. Bd3 Qc5 24. Rb1 Bc6 25. Qb2 Bxf3 26. Qb8+
Rxb8 27. Rxb8+ Qf8 28. Bxh7+ Kxh7 29. Rxf8 d3 30. Rd8 1/2-1/2

[Event "V Weekend Vittorio Alfieri A"]
[Site "Asti ITA"]
[Date "2010.04.18"]
[Round "5"]
[White "Damia, Angelo"]
[Black "Massironi, Marco"]
[Result "1-0"]
[WhiteElo "2284"]
[BlackElo "2148"]
[PlyCount "64"]
[EventDate "2010.04.16"]

1. e3 c5 2. Nf3 Nf6 3. d4 cxd4 4. exd4 d5 5. Bd3 Bg4 6. c3 e6 7. Bf4 Nc6 8.
Nbd2 Be7 9. O-O O-O 10. Rc1 Rc8 11. Qa4 a6 12. Rfe1 Bh5 13. Ne5 Nxe5 14. Bxe5
Bg6 15. Bxg6 hxg6 16. Qd1 Nd7 17. Nf3 Nxe5 18. Nxe5 Bf6 19. Qb3 Bxe5 20. Rxe5
b5 21. a4 Qa5 22. Ree1 Rc4 23. Ra1 Rxa4 24. Rxa4 Qxa4 25. Qxa4 bxa4 26. Ra1 Rb8
27. Ra2 Rb3 28. Kf1 a3 29. bxa3 Rxc3 30. a4 Kf8 31. Ke2 Ke7 32. a5 32... Kd7 {
...} 1-0

[Event "V Weekend Vittorio Alfieri A"]
[Site "Asti ITA"]
[Date "2010.04.18"]
[Round "5"]
[White "Del Noce, Roberto"]
[Black "Bannon, Senan M.W."]
[Result "1-0"]
[WhiteElo "1851"]
[BlackElo "1869"]
[PlyCount "161"]
[EventDate "2010.04.16"]

1. e4 c5 2. Nf3 d6 3. d4 cxd4 4. Nxd4 Nf6 5. Nc3 a6 6. a3 b5 7. Be2 e6 8. O-O
Be7 9. Bf3 e5 10. Nb3 Bb7 11. Re1 O-O 12. Be3 Nbd7 13. g3 Nb6 14. Na5 Qc7 15.
Nxb7 Qxb7 16. Bxb6 Qxb6 17. Nd5 Nxd5 18. Qxd5 Rac8 19. c3 Rc5 20. Qb3 Kh8 21.
Rad1 f5 22. Qe6 Rc7 23. exf5 Rf6 24. Qd5 Rxf5 25. Re2 Rf6 26. Kg2 Bf8 27. Be4
Rcf7 28. f3 Rc7 29. Bb1 Rcf7 30. Rf1 g6 31. Re4 Qb7 32. Qd3 Rf5 33. Ba2 R7f6
34. Bd5 Qd7 35. Rh4 Rg5 36. Kh1 Kg7 37. Be4 Qe7 38. Qd5 Rf7 39. Bb1 Qf6 40. Be4
Qe7 41. Qc6 Qa7 42. Qd5 Qe7 43. Qa8 Qa7 44. Qxa7 Rxa7 45. Rd1 h6 46. f4 exf4
47. Rxf4 Re5 48. Rdf1 Re8 49. Bxg6 Kxg6 50. Rxf8 Rxf8 51. Rxf8 Re7 52. Kg2 Re2+
53. Rf2 Re3 54. Rd2 Re6 55. Kf3 Kf5 56. Rd5+ Kf6 57. h3 Ke7 58. g4 Kd7 59. h4
Kc6 60. Rd2 Re5 61. Kf4 Kd7 62. g5 Ke7 63. g6 Re6 64. h5 Re1 65. Rg2 Kf8 66.
g7+ Kg8 67. Kf5 Re5+ 68. Kf6 Rxh5 69. Re2 Re5 70. Rd2 Re1 71. Rxd6 Rf1+ 72. Kg6
Rg1+ 73. Kxh6 Rh1+ 74. Kg6 Rg1+ 75. Kf6 Rf1+ 76. Ke5 Kxg7 77. Rxa6 Rb1 78. b4
Rd1 79. a4 bxa4 80. Rxa4 Kf7 81. b5 1-0

[Event "V Weekend Vittorio Alfieri A"]
[Site "Asti ITA"]
[Date "2010.04.18"]
[Round "5"]
[White "Finocchiaro, Gianluca"]
[Black "Badano, Giancarlo"]
[Result "1-0"]
[WhiteElo "2097"]
[BlackElo "1950"]
[PlyCount "42"]
[EventDate "2010.04.16"]

1. e4 e5 2. Nf3 Nc6 3. d4 exd4 4. Nxd4 Qf6 5. Be3 Bc5 6. Nb5 Bxe3 7. fxe3 Qe5
8. Nd2 Nce7 9. Nf3 Qc5 10. Qd4 Qxd4 11. exd4 Kd8 12. Ne5 Nh6 13. Bc4 f6 14. Nf3
a6 15. Nc3 b5 16. Bb3 Bb7 17. d5 Ng4 18. h3 Nh6 19. Rd1 d6 20. O-O Neg8 21. Nd4
Kd7 1-0